[Event "2nd Kalyan Dombivali 2019"]
[Site "Kalyan"]
[Date "2019.02.02"]
[Round "9"]
[White "Iyer Arvind"]
[Black "Midilesh MS"]
[Result "1/2-1/2"]
[WhiteElo "1441"]
[BlackElo "1558"]
[Annotator "NA"]
[PlyCount "104"]
[EventDate "2019.01.28"]
[EventType "swiss"]
[EventRounds "10"]
[EventCountry "IND"]
[SourceTitle "playchess.com"]
[Source "ChessBase"]
[SourceQuality "1"]
[TimeControl "5400+30"]

1. e4 {[%emt 0:06:41]} c5 {[%emt 0:00:07]} 2. c3 {[%emt 0:01:39]} e6 {[%emt 0:00:17]} 3. d4 {[%emt 0:01:34]} cxd4 {[%emt 0:00:18]} 4. cxd4 {[%emt 0:01:09]} d5 {[%emt 0:00:13]} 5. e5 {[%emt 0:00:53]} Nc6 {[%emt 0:00:38]} 6. Nf3 {[%emt 0:01:11]} Bd7 {[%emt 0:00:31]} 7. Bd3 {[%emt 0:00:47]} Qb6 {[%emt 0:02:11]} 8. Bc2 {[%emt 0:01:14]} Rc8 {[%emt 0:22:30]} 9. Nc3 {[%emt 0:02:39]} a6 {[%emt 0:02:39]} 10. O-O {[%emt 0:00:48]} h6 {[%emt 0:20:08]} 11. a3 {[%emt 0:04:41]} Nge7 {[%emt 0:12:24]} 12. Na4 {[%emt 0:03:33]} Qc7 {[%emt 0:00:28]} 13. Be3 {[%emt 0:06:16]} Na5 {[%emt 0:17:53]} 14. Nc5 {[%emt 0:10:47]} Bb5 {[%emt 0:01:07]} 15. Bd3 {[%emt 0:02:08]} Bxd3 16. Qxd3 {[%emt 0:02:56]} Nac6 {[%emt 0:13:58]} 17. Rac1 {[%emt 0:01:15]} Nf5 {[%emt 0:02:17]} 18. Qb3 {[%emt 0:00:38]} Bxc5 {[%emt 0:00:46]} 19. Rxc5 {[%emt 0:00:19]} O-O {[%emt 0:00:33]} 20. Rfc1 {[%emt 0:00:19]} Qd7 {[%emt 0:00:30]} 21. h3 {[%emt 0:00:49]} Rc7 {[%emt 0:00:30]} 22. Qd3 {[%emt 0:00:27]} Rfc8 {[%emt 0:00:29]} 23. g4 Nxe3 {[%emt 0:00:10]} 24. fxe3 {[%emt 0:00:59]} Na5 {[%emt 0:00:51]} 25. b4 {[%emt 0:01:53]} Nc4 {[%emt 0:00:30]} 26. Nd2 {[%emt 0:00:56]} Nxd2 {[%emt 0:00:02]} 27. Qxd2 {[%emt 0:00:04]} b6 {[%emt 0:00:27]} 28. R5c3 {[%emt 0:01:12]} Rc4 {[%emt 0:01:02]} 29. Rxc4 {[%emt 0:03:09]} Rxc4 {[%emt 0:00:15]} 30. Rxc4 {[%emt 0:00:15]} dxc4 {[%emt 0:00:02]} 31. Qc1 {[%emt 0:00:07]} Qd5 {[%emt 0:00:33]} 32. Kf2 {[%emt 0:00:20]} b5 {[%emt 0:00:29]} 33. Qd1 {[%emt 0:00:38]} Qe4 {[%emt 0:01:06]} 34. Qf3 {[%emt 0:00:44]} Qc2+ {[%emt 0:00:32]} 35. Kg3 {[%emt 0:00:07]} Qc1 {[%emt 0:00:33]} 36. Qa8+ {[%emt 0:00:18]} Kh7 {[%emt 0:00:14]} 37. Qe4+ {[%emt 0:01:11]} g6 {[%emt 0:00:28]} 38. Kf2 {[%emt 0:07:00]} Qd2+ {[%emt 0:00:37]} 39. Kf1 {[%emt 0:00:28]} Qd1+ {[%emt 0:00:37]} 40. Kf2 {[%emt 0:00:11]} Qd2+ {[%emt 0:00:28]} 41. Kf1 {[%emt 0:00:04]} Qd1+ {[%emt 0:00:32]} 42. Kf2 Qd2+ 43. Kf1 c3 44. Qf3 Kg8 45. Qa8+ Kg7 46. Qf3 Kg8 47. Qf6 c2 48. Qd8+ Kh7 49. Qa8 Kg7 50. Qf3 Kh7 51. Qf6 Kg8 52. Qd8+ Kh7 1/2-1/2

[Event "2nd Kalyan Dombivali 2019"]
[Site "Kalyan"]
[Date "2019.02.02"]
[Round "9"]
[White "Soni Deepak R"]
[Black "Govind Prabhu Mah"]
[Result "1-0"]
[WhiteElo "1425"]
[BlackElo "1601"]
[Annotator "NA RC"]
[PlyCount "94"]
[EventDate "2019.01.28"]
[EventType "swiss"]
[EventRounds "10"]
[EventCountry "IND"]
[SourceTitle "playchess.com"]
[Source "ChessBase"]
[SourceQuality "1"]
[TimeControl "5400+30"]

1. d4 {[%emt 0:24:46]} Nf6 {[%emt 0:05:25]} 2. Bf4 {[%emt 0:00:07]} b6 {[%emt 0:01:48]} 3. Nf3 {[%emt 0:00:09]} Bb7 {[%emt 0:00:01]} 4. e3 {[%emt 0:00:15]} e6 {[%emt 0:00:08]} 5. Nbd2 {[%emt 0:00:26]} Be7 {[%emt 0:00:08]} 6. Bd3 {[%emt 0:00:38]} d6 {[%emt 0:00:11]} 7. h3 {[%emt 0:02:21]} Nbd7 {[%emt 0:00:13]} 8. O-O {[%emt 0:00:37]} h6 {[%emt 0:01:34]} 9. Bh2 {[%emt 0:01:08]} g5 {[%emt 0:01:55]} 10. e4 {[%emt 0:09:42]} g4 {[%emt 0:01:19]} 11. Ne1 {[%emt 0:00:53]} gxh3 {[%emt 0:00:22]} 12. gxh3 {[%emt 0:00:02]} Nf8 {[%emt 0:06:28]} 13. Qe2 {[%emt 0:07:00]} Qd7 {[%emt 0:01:35]} 14. f4 {[%emt 0:07:35]} O-O-O {[%emt 0:21:49]} 15. Ba6 {[%emt 0:02:43]} Rg8+ {[%emt 0:08:12]} 16. Kh1 {[%emt 0:01:32]} e5 {[%emt 0:05:35]} 17. f5 {[%emt 0:02:13]} exd4 {[%emt 0:01:06]} 18. a4 {[%emt 0:01:54]} Kb8 {[%emt 0:05:58]} 19. Bxb7 {[%emt 0:00:14]} Kxb7 {[%emt 0:00:02]} 20. a5 {[%emt 0:00:27]} b5 {[%emt 0:02:51]} 21. a6+ {[%emt 0:01:12]} Ka8 {[%emt 0:00:43]} 22. Qf3 {[%emt 0:06:27]} Qc6 {[%emt 0:01:20]} 23. Nd3 {[%emt 0:00:55]} d5 {[%emt 0:03:40]} 24. e5 {[%emt 0:02:49]} Ne4 {[%emt 0:00:09]} 25. Nb3 {[%emt 0:02:37]} Qxc2 {[%emt 0:05:15]} 26. f6 {[%emt 0:13:47]} Bxf6 {[%emt 0:03:54]} 27. exf6 {[%emt 0:02:14]} Qxb3 {[%emt 0:00:30]} 28. Ra3 {[%emt 0:00:37]} Qc2 {[%emt 0:01:10]} 29. Rc1 {[%emt 0:01:26]} Qd2 {[%emt 0:04:22]} 30. Bf4 {[%emt 0:00:35]} Ng3+ {[%emt 0:08:48]} 31. Bxg3 {[%emt 0:00:22]} Ne6 {[%emt 0:00:16]} 32. Bxc7 {[%emt 0:02:50]} Rd7 {[%emt 0:02:58]} 33. Ba5 {[%emt 0:03:13]} Qe3 {[%emt 0:01:02]} 34. Qxe3 {[%emt 0:00:16]} dxe3 {[%emt 0:00:02]} 35. Ne5 {[%emt 0:00:17]} Rd6 {[%emt 0:00:29]} 36. Nxf7 {[%emt 0:00:39]} Rxa6 {[%emt 0:00:10]} 37. Rxe3 {[%emt 0:01:23]} d4 {[%emt 0:00:56]} 38. Re5 {[%emt 0:00:57]} Rf8 {[%emt 0:00:57]} 39. Nxh6 {[%emt 0:00:44]} Rxf6 {[%emt 0:00:24]} 40. Ng4 {[%emt 0:00:32]} Rf8 {[%emt 0:00:32]} 41. Rxb5 {[%emt 0:00:32]} Rb8 {[%emt 0:00:40]} 42. Rxb8+ {[%emt 0:00:20]} Kxb8 {[%emt 0:00:01]} 43. Be1 {[%emt 0:00:29]} Ra2 {[%emt 0:00:26]} 44. Rb1 {[%emt 0:00:42]} Kb7 {[%emt 0:00:09]} 45. h4 {[%emt 0:00:41]} Kc6 {[%emt 0:00:24]} 46. h5 {[%emt 0:00:16]} Ra5 {[%emt 0:00:27]} 47. Bxa5 {[%emt 0:00:03]} Kd5 1-0

[Event "2nd Kalyan Dombivali 2019"]
[Site "Kalyan"]
[Date "2019.02.02"]
[Round "9"]
[White "Bagwe Suneet"]
[Black "Nehete Akshay S"]
[Result "0-1"]
[WhiteElo "1305"]
[BlackElo "1788"]
[Annotator "NA"]
[PlyCount "44"]
[EventDate "2019.01.28"]
[EventType "swiss"]
[EventRounds "10"]
[EventCountry "IND"]
[SourceTitle "playchess.com"]
[Source "ChessBase"]
[SourceQuality "1"]
[TimeControl "5400+30"]

1. e4 {[%emt 0:00:00]} d6 {[%emt 0:00:53]} 2. d4 {[%emt 0:00:00]} Nf6 {[%emt 0:00:05]} 3. Nc3 {[%emt 0:00:00]} g6 {[%emt 0:00:10]} 4. Be3 {[%emt 0:00:48]} Bg7 {[%emt 0:03:08]} 5. f3 {[%emt 0:00:53]} O-O {[%emt 0:19:58]} 6. Qd2 {[%emt 0:04:24]} Re8 {[%emt 0:18:19]} 7. O-O-O {[%emt 0:12:54]} c6 {[%emt 0:00:31]} 8. h4 {[%emt 0:05:53]} b5 {[%emt 0:01:05]} 9. Bd3 {[%emt 0:10:47]} Qa5 {[%emt 0:09:56]} 10. Kb1 {[%emt 0:09:11]} b4 {[%emt 0:08:34]} 11. Nce2 {[%emt 0:00:10]} Ba6 {[%emt 0:01:57]} 12. Bxa6 {[%emt 0:17:38]} Nxa6 {[%emt 0:00:20]} 13. h5 {[%emt 0:00:59]} c5 {[%emt 0:13:22]} 14. hxg6 {[%emt 0:08:41]} hxg6 {[%emt 0:00:07]} 15. Bh6 {[%emt 0:01:41]} Bh8 {[%emt 0:00:57]} 16. g4 {[%emt 0:01:02]} c4 {[%emt 0:04:19]} 17. Ng3 {[%emt 0:02:36]} c3 {[%emt 0:03:12]} 18. Qh2 Rac8 {[%emt 0:05:16]} 19. Bf4 {[%emt 0:16:27]} Bg7 {[%emt 0:00:31]} 20. e5 {[%emt 0:00:09]} b3 {[%emt 0:00:37]} 21. cxb3 {[%emt 0:05:31]} c2+ {[%emt 0:00:13]} 22. Kc1 {[%emt 0:00:40]} Nb4 {[%emt 0:00:58]} 0-1

[Event "2nd Kalyan Dombivali 2019"]
[Site "Kalyan"]
[Date "2019.02.03"]
[Round "10"]
[White "Gusain, Himal"]
[Black "Kumar, Gaurav"]
[Result "1-0"]
[WhiteElo "2371"]
[BlackElo "2128"]
[Annotator "TA"]
[PlyCount "106"]
[EventDate "2019.01.28"]
[EventType "swiss"]
[EventRounds "10"]
[EventCountry "IND"]
[SourceTitle "playchess.com"]
[Source "ChessBase"]
[SourceQuality "1"]

{[%evp 22,106,43,32,34,25,37,41,21,25,48,12,10,4,19,12,12,15,33,8,33,46,40,39,42,8,22,-11,-10,0,40,0,11,11,10,44,86,110,102,100,110,91,110,101,196,202,280,275,275,192,285,299,300,299,284,236,267,240,245,208,272,226,210,180,241,241,499,490,396,241,241,241,241,241,241,241,3052,2085,2119,1797,29979,29980,4686,1610,29994,0,29991]} 1. e4 e5 2. Nf3 Nc6 3. Bc4 Nf6 4. d3 Be7 5. O-O O-O 6. Re1 d6 7. a4 Na5 8. Ba2 {C55: Two Knights: 4 d3, 4 d4 exd4 5 e5 and Max Lange Attack} c5 9. c3 Nc6 10. Na3 h6 (10... a6 11. Bd2 Rb8 12. Nc2 Be6 13. Bxe6 fxe6 14. b4 b5 15. Qe2 Qd7 {½-½ (54) Duda,J (2707)-Naiditsch,A (2710) Linares 2017}) 11. Bd2 a6 12. h3 {LiveBook: 22 Games} Rb8 13. Nc2 Be6 14. Bxe6 fxe6 15. b4 Qd7 $146 ({Predecessor:} 15... b5) 16. d4 cxb4 17. cxb4 Nxd4 18. Ncxd4 exd4 19. Nxd4 Rbe8 20. b5 Bd8 21. bxa6 bxa6 22. Rb1 d5 23. Bb4 Rf7 24. e5 Ne4 25. f3 $36 {[%mdl 2048] White fights for an advantage.} Ng3 26. Kh2 Bh4 27. Rg1 Qd8 {next ...Qg5 is good for Black.} 28. Bd2 Nf5 29. Nxf5 Rxf5 30. f4 Bf2 31. Rf1 Bc5 32. Qe2 a5 (32... Qa8 $16) 33. Qb5 $18 Bb4 34. Bxb4 axb4 35. Qxb4 Ref8 (35... Rf7 $142 36. a5 Ra7) 36. a5 R5f7 37. a6 Ra7 38. Ra1 Qd7 39. Qb6 Kh7 40. g3 Rd8 41. Rf2 Rc8 42. Qb1+ Kh8 (42... Kg8 $142 43. Rb2 Qc6) 43. Rb2 {aiming for Rb7.} d4 $2 {[#]} (43... Qc6 44. Rb6 Qc4) 44. Rb7 Rc7 {[%cal Rc7b7]} 45. Rb8+ Rc8 46. h4 {[%cal Bh3h4,Bh4h5][%mdl 32]} Rxb8 47. Qxb8+ {[%mdl 4096] Endgame KQR-KQR} Kh7 48. Ra3 Rc7 $2 {[#]} (48... h5 49. Qb6 Ra8 50. Qb1+ Kh6) 49. Qb1+ g6 50. h5 d3 51. Rxd3 Qc6 52. Rd2 (52. Rd6 $142 Qc2+ 53. Qxc2 Rxc2+ 54. Kh3) 52... Qd7 53. a7 $2 (53. Rxd7+ {mates} Rxd7 54. Qxg6+ Kh8 55. Qe8+ Kh7 56. Qxd7+ Kh8 57. a7 Kg8 58. a8=Q#) 53... Rxa7 $4 {[%mdl 8192] Precision: White = 66%, Black = 27%.} (53... Qxd2+ $11 54. Kh3 Rxa7 55. Qxg6+ Kh8 56. Qxh6+ Kg8 57. Qg6+ (57. Qxe6+ Kh7 $11) 57... Kh8) 1-0

[Event "2nd Kalyan Dombivali 2019"]
[Site "Kalyan"]
[Date "2019.02.03"]
[Round "10"]
[White "Saurabh Anand"]
[Black "Kathmale, Sameer"]
[Result "1-0"]
[WhiteElo "2210"]
[BlackElo "2312"]
[Annotator "TA"]
[PlyCount "99"]
[EventDate "2019.01.28"]
[EventType "swiss"]
[EventRounds "10"]
[EventCountry "IND"]
[SourceTitle "playchess.com"]
[Source "ChessBase"]
[SourceQuality "1"]

{[%evp 24,99,56,52,50,39,44,-12,-14,-22,-19,-14,14,-26,39,0,0,0,59,30,44,58,56,60,158,157,249,98,159,127,137,100,81,51,148,0,83,35,80,71,195,110,115,110,116,110,120,97,83,0,0,0,0,0,0,0,61,61,61,62,189,189,193,184,434,432,482,457,641,612,29986,29987,29987,29988,29993,29994,29995,29996]} 1. e4 c5 2. Nf3 d6 $146 ({Predecessor:} 2... Nc6 3. d4 cxd4 4. Nxd4 Nf6 5. Nc3 {0-1 (74) Huschenbeth,N (2585)-Alekseenko,K (2637) chess.com INT 2019}) 3. d4 cxd4 4. Nxd4 Nf6 5. Nc3 Nc6 6. Bg5 e6 7. Qd2 a6 8. O-O-O Bd7 9. f4 Be7 10. Nf3 b5 11. Bxf6 gxf6 12. f5 ({Predecessor:} 12. Kb1 Qb6 {0-1 (74) Huschenbeth,N (2585)-Alekseenko,K (2637) chess.com INT 2019}) 12... Qb6 13. Kb1 Ne5 {B69: Sicilian: Richter-Rauzer: 7...a6 8 0-0-0 Bd7 9 f4 Be7 10 Nf3 b5 11 Bxf6} 14. Nxe5 ({Predecessor:} 14. Nd4 Qb7 15. fxe6 fxe6 16. Bd3 O-O-O 17. Nce2 Kb8 18. Nf4 Nxd3 19. Nxd3 Qxe4 20. Nf4 e5 21. Rhe1 {0-1 (74) Huschenbeth,N (2585)-Alekseenko,K (2637) chess.com INT 2019}) 14... fxe5 15. g3 (15. Qh6 $14) 15... b4 $11 {The position is equal.} 16. fxe6 fxe6 17. Ne2 {[%cal Bc3e2,Be2c1,Bc1d3,Bd3b2,Bb2a4][%mdl 32]} a5 18. Nc1 Rf8 (18... O-O $11) 19. Bc4 Rc8 20. b3 Bb5 ({Black should play} 20... Qf2 $11) 21. Bxb5+ Qxb5 22. Nd3 Qc6 23. Qe2 Qc3 (23... Kf7 $1 $14) 24. Nb2 $1 $16 Qc5 (24... Rf6 $16 25. Rhf1 Rxf1 26. Rxf1 Qc5 27. Qh5+ Kd7) 25. Rhf1 $2 (25. Nc4 $18 {is more deadly.}) 25... Kd7 (25... Rxf1 $142 26. Rxf1 Kd7) 26. Rxf8 Rxf8 27. Na4 Qc6 28. Qe3 {And now Nc5+ would win.} Kc8 (28... Bd8 $14) 29. Qa7 (29. Nb6+ $16 Kb8 30. Nc4) 29... Bd8 (29... Qb7 $11 {remains equal.} 30. Qe3 Qc7) 30. Nb2 Bc7 31. Nc4 d5 (31... a4 $16) 32. Nxa5 (32. exd5 $18 exd5 33. Nxa5 Bxa5 34. Qxa5 {[%mdl 64] Double Attack}) 32... Bxa5 33. Qxa5 $18 {[%cal Re4d5][%mdl 4160] Endgame Double Attack. KQR-KQR} Rf2 34. Rc1 dxe4 35. c3 Kb7 36. cxb4 (36. Qxb4+ $16 Kc8 37. Rd1) 36... Qd7 $11 {( -> ...Qd3+)} 37. Qxe5 Qd3+ $1 38. Ka1 {Threatening mate with Rc7+.} Rc2 39. Qg7+ Kb6 ({Better is} 39... Ka6 $11 40. Rxc2 Qxc2) 40. Rxc2 $14 Qxc2 {[%cal Rc2c1] KQ-KQ} 41. Qd4+ Ka6 {[#]} (41... Kb7 $1 $14 42. Qe3 Qg2) 42. Qe3 $1 $18 Qg2 43. Qc5 Qf1+ $2 (43... Qh1+ 44. Kb2 Qxh2+ 45. Ka3 Qe2 46. Qc6+ Ka7 47. Qc7+ (47. Qxe6 Qd3 $16) 47... Ka8 48. Qc8+ (48. Qxh7 Qa6+ 49. Kb2 Qe2+ 50. Kc1 Qe1+ {[%mdl 64] Double Attack} 51. Kc2 Qe2+ 52. Kb1 Qe1+ 53. Kc2 Qe2+ 54. Kc3 Qd3+ {[%mdl 64] Double Attack} 55. Kb2 Qe2+ 56. Kc1 Qe1+ {[%mdl 64] Double Attack} 57. Kc2 $11) 48... Ka7 49. Qc7+ (49. Qxe6 Qd3 $16) 49... Ka8 50. Qc8+ (50. Qxh7 Qa6+ 51. Kb2 Qe2+ 52. Kc1 Qe1+ {[%mdl 64] Double Attack} 53. Kc2 Qe2+ 54. Kc3 Qd3+ {[%mdl 64] Double Attack} 55. Kb2 Qe2+ 56. Kc1 Qe1+ {[%mdl 64] Double Attack} 57. Kc2 Qe2+ 58. Kc3 Qd3+ {[%mdl 64] Double Attack} 59. Kb2 Qe2+ $11) 50... Ka7 51. Qd7+ (51. Qxe6 Qd3 $16) 51... Kb8) 44. Kb2 Qe2+ 45. Qc2 Qf3 (45... Qe1 $142 46. Qc6+ Ka7 47. Qc5+ (47. Qxe6 Qd2+ 48. Ka3 e3 $16) 47... Kb7) 46. a4 {[%cal Ba2a4,Ba4a5][%mdl 32] Threatens to win with Qc7.} e3 {[#]} 47. Qc7 $1 {[%csl Ga4][%cal Rb4b5] White mates.} Qf6+ 48. Ka2 {[%csl Ga4][%cal Rb4b5]} Qf2+ 49. Ka3 {[%csl Ga4][%cal Rb4b5]} Qf8 50. a5 {Accuracy: White = 51%, Black = 21%.} 1-0

[Event "2nd Kalyan Dombivali 2019"]
[Site "Kalyan"]
[Date "2019.02.03"]
[Round "10"]
[White "Ramnathan, Balasubramaniam"]
[Black "Kulkarni, Vikramaditya"]
[Result "1/2-1/2"]
[WhiteElo "2191"]
[BlackElo "2345"]
[Annotator "TA"]
[PlyCount "134"]
[EventDate "2019.01.28"]
[EventType "swiss"]
[EventRounds "10"]
[EventCountry "IND"]
[SourceTitle "playchess.com"]
[Source "ChessBase"]
[SourceQuality "1"]

{[%evp 21,134,0,0,-7,0,-10,4,0,0,0,15,-19,-17,-70,-27,-27,-23,-14,8,7,17,17,17,10,12,14,25,0,0,0,29,20,105,12,13,21,13,20,88,98,90,0,145,145,189,182,189,178,197,18,654,152,121,95,202,197,186,195,186,75,75,75,164,164,252,236,330,0,185,77,119,100,96,27,35,35,39,35,48,35,35,35,75,55,49,54,75,0,87,0,0,0,0,0,0,0,0,0,0,0,0,0,0,0,0,0,0,0,0,0,0,0,0,0,0]} 1. Nf3 Nf6 2. b3 (2. c4 c5 3. e3 g6 4. b3 Bg7 5. Bb2 O-O 6. Be2 d5 7. cxd5 Nxd5 8. Bxg7 Kxg7 9. Qc2 b6 10. a3 Bb7 11. O-O {1-0 (40) Kunte,A (2494)-Siva,M (2346) New Delhi 2018}) 2... c5 $146 ({Predecessor:} 2... g6 3. Bb2 Bg7 4. e3 {1-0 (39) Andersson,B-Ekenberg,B Norrkoeping 1968}) 3. e3 g6 4. Bb2 Bg7 5. Be2 O-O ({Predecessor:} 5... Nc6 6. O-O {1-0 (39) Andersson,B-Ekenberg,B Norrkoeping 1968}) 6. O-O Nc6 7. c4 d5 8. cxd5 Nxd5 9. Bxg7 Kxg7 10. Qc2 b6 11. a3 Bb7 12. Nc3 {A30: Symmetrical English: Double Fianchetto and Hedgehog} (12. d3 e5 13. Qb2 Qe7 14. Nbd2 Rfe8 15. Rfe1 Rad8 16. Bf1 Kg8 17. g3 Nf6 18. Qc2 Rd7 19. Red1 Red8 {1-0 (40) Kunte,A (2494)-Siva,M (2346) New Delhi 2018}) 12... Rc8 13. Rfd1 ({Predecessor:} 13. Rac1 e5 14. Bc4 Nde7 15. Rfd1 a6 16. Qb2 f6 17. Ne2 Na5 18. d4 Nxc4 19. bxc4 cxd4 20. exd4 {1-0 (39) Andersson,B-Ekenberg,B Norrkoeping 1968}) 13... e5 14. Qb2 Nxc3 15. dxc3 Qe7 16. c4 Kg8 17. Rac1 (17. Nd2 $11) 17... Rfd8 18. Nd2 e4 19. Nb1 Qe5 20. Nc3 Rxd1+ 21. Rxd1 Rd8 22. Rxd8+ Nxd8 23. Qd2 Ne6 24. h3 Bc6 25. b4 cxb4 26. axb4 a6 (26... h5 $11) 27. b5 ({White should play} 27. Nd5 $16 {Hoping for Ne7+.} Bxd5 28. cxd5 Qa1+ 29. Bf1) 27... axb5 $11 28. cxb5 Be8 29. Nd5 Nc7 (29... Qa1+ $1 $11 30. Kh2 Qe5+ 31. g3 Nc5) 30. Nxc7 $16 Qxc7 31. Qd4 (31. Qd5 $16) 31... f5 {[#]} (31... Qc1+ $11 {keeps the balance.} 32. Kh2 Qc7+ 33. g3 Qc2) 32. g4 $1 Bf7 33. gxf5 gxf5 34. Qf6 Bg6 35. Kg2 $2 (35. h4 $18) 35... Qc2 $2 {[%mdl 8192]} (35... Qg7 $11 36. Qd8+ Be8+ 37. Bg4 Qd7 38. Qg5+ {[%mdl 64] Double Attack} Bg6) 36. Bf1 $2 ({Less strong is} 36. Qd8+ Kf7 $18) (36. Qxb6 $18 {is the precise move to win.} Kg7 37. Qd6) 36... Qc7 37. h4 Bh5 (37... Qg7 $16 38. Qd8+ (38. Qxb6 Bh5+ 39. Kh2 Qe5+ 40. f4 exf3+ 41. Kh1 f4 $14) 38... Be8+ 39. Kh2 Qg6) 38. Qxf5 $18 Bf3+ 39. Kh3 h5 40. Qg5+ (40. Qg6+ $18 {and the rest is easy.} Kf8 41. Qg3 Qc8+ 42. Kh2) 40... Kh7 $16 41. Qg3 Qc8+ (41... Qc3 $16) 42. Kh2 $18 Qc5 (42... Qc1 {keeps fighting.}) 43. Qf4 Qc2 44. Qg3 (44. Kg3 $142) 44... Qc5 $1 45. Bg2 (45. Bh3 $18) 45... Qxb5 46. Bxf3 exf3 {[#]} 47. Qxf3 $16 {[%mdl 4096] Endgame KQ-KQ} (47. Qc7+ $1 $16 Kg8 48. Kg3) 47... Qc5 48. Qf7+ Kh6 49. Qf6+ Kh7 50. e4 {And now e5 would win.} b5 51. e5 {e6 is the strong threat.} b4 52. Qf7+ Kh6 53. Qf4+ Kg7 54. Qf6+ (54. e6 $5 {[%cal Rf4f7]} Qe7 55. Kg2 $16) 54... Kh7 $1 55. Kh3 (55. e6 $16 Qc7+ 56. Kh3) 55... Qc3+ $11 {The position is equal.} 56. f3 {Black must now prevent Qf7+.} b3 57. Qf7+ Kh6 58. Qf4+ Kg7 59. Qf6+ Kh7 60. Qf5+ Kg7 61. Qg5+ ({Reject} 61. Qxh5 Qc8+ 62. e6 Qxe6+ 63. Kh2 b2 $17) 61... Kf8 62. Qf6+ Ke8 63. Qe6+ Kd8 64. Qd5+ Ke7 65. Qd6+ Ke8 66. Qe6+ Kd8 67. Qd5+ Ke7 {Accuracy: White = 50%, Black = 45%.} 1/2-1/2

[Event "2nd Kalyan Dombivali 2019"]
[Site "Kalyan"]
[Date "2019.02.03"]
[Round "10"]
[White "Snehal, Bhosale"]
[Black "Sparsh Khandelwal"]
[Result "1/2-1/2"]
[WhiteElo "2135"]
[BlackElo "1823"]
[Annotator "TA"]
[PlyCount "221"]
[EventDate "2019.01.28"]
[EventType "swiss"]
[EventRounds "10"]
[EventCountry "IND"]
[SourceTitle "playchess.com"]
[Source "ChessBase"]
[SourceQuality "1"]

{[%evp 16,221,34,10,34,3,48,21,39,24,31,22,28,0,0,0,0,0,-3,-4,0,0,0,0,0,0,0,0,-2,-13,-18,-17,0,0,0,0,0,0,71,73,66,31,46,22,24,27,36,33,47,5,15,15,16,2,16,15,15,15,36,36,40,36,52,52,52,52,52,50,45,39,40,39,39,32,35,32,32,32,32,22,39,30,32,32,38,33,39,39,39,39,40,40,40,39,47,40,40,40,40,40,45,40,52,45,52,52,55,8,8,8,8,8,8,0,0,0,0,0,8,0,8,0,8,8,8,0,0,0,0,0,0,0,0,0,0,0,8,0,0,0,0,0,0,0,0,0,0,0,0,0,0,0,0,0,0,0,0,0,0,0,0,0,0,0,8,0,0,0,0,0,0,0,0,0,0,0,0,0,0,0,0,0,0,0,0,0,0,0,0,0,0,0,0,0,0,0,0,0,0,0,0,0,0,0,0,0,0,0]} 1. d4 Nf6 2. c4 g6 3. Nc3 {[%cal Bb1c3,Bc3a4,Ba4c5][%mdl 32]} d5 4. cxd5 (4. Nf3 Bg7 5. cxd5 Nxd5 6. Na4 O-O 7. e4 Nb6 {½-½ (50) Van Wely,L (2676)-Chatalbashev,B (2556) Germany 2016}) 4... Nxd5 5. Na4 Bg7 6. e4 Nb6 7. Be3 O-O 8. Nf3 Bg4 9. Nc5 Qc8 {D85: Exchange Grünfeld: Unusual White 7th moves and lines with 7 Nf3} (9... Nc6 10. Nxb7 Qb8 11. Ba6 Nb4 12. Nc5 Bxf3 13. gxf3 Bxd4 14. Bxd4 Rd8 15. O-O Nxa6 16. Nxa6 Qc8 17. Nxc7 Qxc7 18. Bxb6 axb6 {½-½ (50) Van Wely,L (2676)-Chatalbashev,B (2556) Germany 2016}) 10. Qc2 $146 ({Predecessor:} 10. Be2 N8d7 {½-½ (57) Kolasinski,K (2086)-Ladnak,M (1732) Frydek Mistek 2017}) 10... N8d7 (10... Nc6 $5 {[%cal Rg4f3]}) 11. Be2 c6 12. h3 ({Predecessor:} 12. O-O Nxc5 13. dxc5 Nd7 14. h3 Bxf3 15. Bxf3 Qc7 16. Rad1 Rfd8 17. Be2 {½-½ (57) Kolasinski,K (2086)-Ladnak,M (1732) Frydek Mistek 2017}) 12... Bxf3 $1 13. Bxf3 e5 14. Rd1 (14. dxe5 {keeps more tension.} Nxe5 15. Be2 Ned7 16. O-O Re8 17. Nxd7 Qxd7 18. a4) 14... exd4 15. Bxd4 Bxd4 16. Rxd4 Nxc5 17. Qxc5 Rd8 18. O-O Rxd4 19. Qxd4 Qd8 20. Qc3 Qe7 21. g3 Qe6 22. h4 Qxa2 23. b3 {[#] Ra1 is the strong threat.} Rd8 24. Ra1 Rd3 25. Qe5 Qxb3 26. Rxa7 Qe6 (26... Rxf3 $11 27. Rxb7 Qd1+ 28. Kg2 Nd7 29. Qe8+ {[%mdl 64] Double Attack} Nf8) 27. Qxe6 $16 fxe6 {[%mdl 4096] Endgame KRB-KRN} 28. Bg4 Nd7 {Black wants to play ...Nc5.} 29. Rxb7 Nc5 30. Rc7 Nxe4 31. Bxe6+ Kh8 32. g4 Rd6 33. Re7 Nc5 34. Ba2 Rd2 35. Ra7 h6 36. Bf7 Nd3 37. Bxg6 Nxf2 38. Bf5 {And now Rh7+ would win.} Nxg4 39. Bxg4 $14 {[#] Threatens to win with Bf5. KRB-KR} Rd4 40. Bf3 {Strongly threatening h5.} Rxh4 41. Bxc6 Rg4+ 42. Kh2 Rg7 43. Ra6 Rg6 44. Kh3 Kg7 45. Kh4 Rd6 46. Ra7+ Kf6 47. Rh7 Kf5 48. Be8 Rd2 49. Rf7+ Ke6 50. Rf1 Ke7 51. Bc6 Rd6 52. Bf3 Rf6 53. Re1+ Kd6 54. Bg4 Kd5 55. Kh5 Kd4 56. Bc8 Kd5 57. Bb7+ Kd4 58. Re8 Rd6 59. Be4 Ke3 60. Bg6+ Kf4 61. Kxh6 Rd4 {The position is equal.} 62. Kh5 Rd5+ 63. Kh4 Rd4 64. Rf8+ (64. Bh7 {with more complications.} Rd5 65. Re4+ Kf3 66. Re1 Kf4 67. Re7) 64... Ke5+ 65. Kg5 Rd6 66. Rf1 Kd4 67. Bf5 Ke3 68. Kg4 Rd4+ 69. Kg3 Rd2 70. Rf3+ Kd4 71. Kf4 Rd1 72. Be4 Rd2 73. Rf1 Re2 74. Rd1+ Kc3 75. Kf3 Rd2 (75... Ra2 {with more complications.} 76. Rf1 Ra5 77. Ke2 Ra2+ 78. Ke3 Ra5) 76. Rc1+ Kd4 77. Rc8 Rh2 78. Rd8+ Ke5 79. Ke3 Rh3+ 80. Bf3 Rh4 81. Rd5+ Ke6 82. Be4 Rh3+ 83. Kd4 {White threatens Bf5+ and mate.} (83. Kf2 {keeps more tension.} Ke7 84. Re5+ Kd8 85. Rd5+ Ke7) 83... Ra3 84. Re5+ Kd6 85. Rh5 Ra4+ 86. Ke3 Ra1 87. Rh6+ Ke5 88. Bd3 Re1+ 89. Be2 Kd5 90. Rh5+ Kd6 91. Kd2 Ra1 92. Bd3 Rg1 93. Ke3 Rg4 94. Be4 Rg1 95. Kd4 Rd1+ 96. Bd3 Ra1 97. Rh6+ Ke7 98. Be4 Kd7 99. Ke5 Kc7 100. Rh7+ Kb6 101. Kd6 Kb5 102. Bd5 Kb4 103. Rb7+ Kc3 104. Ke5 Re1+ 105. Be4 Rd1 106. Bd5 Re1+ 107. Kd6 Ra1 108. Rb5 Kd3 109. Kc5 Rc1+ 110. Kb4 Kd4 111. Bb3 {Accuracy: White = 46%, Black = 69%.} 1/2-1/2